NLSUI OPAC header image

Jayant Madhvani (Record no. 39052)

MARC details
000 -LEADER
fixed length control field 00492nam a2200205Ia 4500
003 - CONTROL NUMBER IDENTIFIER
control field OSt
005 - DATE AND TIME OF LATEST TRANSACTION
control field 20210428104828.0
008 - FIXED-LENGTH DATA ELEMENTS--GENERAL INFORMATION
fixed length control field 160316s1973 xxu||||| |||| 00| 0 eng d
020 ## - INTERNATIONAL STANDARD BOOK NUMBER
International Standard Book Number 9780850670721
040 ## - CATALOGING SOURCE
Transcribing agency n
082 ## - DEWEY DECIMAL CLASSIFICATION NUMBER
Classification number 338.092400
Item number BEC
100 ## - MAIN ENTRY--PERSONAL NAME
Personal name Becker Robert
245 ## - TITLE STATEMENT
Title Jayant Madhvani
260 ## - PUBLICATION, DISTRIBUTION, ETC.
Place of publication, distribution, etc. London
Name of publisher, distributor, etc. Privately Printed
Date of publication, distribution, etc. 1973
300 ## - PHYSICAL DESCRIPTION
Extent 79p
365 ## - TRADE PRICE
Price amount Gratis
650 ## - SUBJECT ADDED ENTRY--TOPICAL TERM
Topical term or geographic name entry element 1. Uganda - Industries
700 ## - ADDED ENTRY--PERSONAL NAME
Personal name Madhvani Nitin Jayant
--
942 ## - ADDED ENTRY ELEMENTS (KOHA)
Source of classification or shelving scheme Dewey Decimal Classification
Koha item type BOOKs
Holdings
Withdrawn status Lost status Damaged status Not for loan Home library Current library Shelving location Date acquired Total Checkouts Full call number Barcode Date last seen Price effective from Koha item type
        . . Library Compactors 30.05.2017   338.0924 BEC 32789 30.05.2017 30.05.2017 BOOKs